Vykazovanie hodnoty majetku pri finančnom lízingu pre potreby finančnej analýzy
Aktuálnosť problematiky finančného lízingu pri aplikácii medzinárodných účtovných štandardoch (IAS/IFRS). Zmeny v účtovaní finančného lízingu. Základné aspekty finančného lízingu podľa IAS/IFRS. Ako účtuje nájomca a ako prenajímateľ. Finančný lízing podľa slovenských predpisov. Vplyv štrukturálnych...
Enregistré dans:
| Auteur principal: | |
|---|---|
| Autres auteurs: | |
| Format: | Chapitre de livre |
| Langue: | slovaque |
| Sujets: | |
| Tags: |
Pas de tags, Soyez le premier à ajouter un tag!
|
MARC
| LEADER | 00000nla$a2200000$$$4500 | ||
|---|---|---|---|
| 001 | 0055379 | ||
| 005 | 20240502071631.4 | ||
| 041 | 0 | |a slo | |
| 044 | |a SK | ||
| 245 | 1 | 0 | |a Vykazovanie hodnoty majetku pri finančnom lízingu pre potreby finančnej analýzy |c Pavol Mihál, Anna Harumová |
| 520 | |a Aktuálnosť problematiky finančného lízingu pri aplikácii medzinárodných účtovných štandardoch (IAS/IFRS). Zmeny v účtovaní finančného lízingu. Základné aspekty finančného lízingu podľa IAS/IFRS. Ako účtuje nájomca a ako prenajímateľ. Finančný lízing podľa slovenských predpisov. Vplyv štrukturálnych zmien súvahy na finančno-ekonomickú analýzu. | ||
| 610 | 2 | 0 | |a účtovníctvo |
| 610 | 2 | 0 | |a analýza finančná |
| 610 | 2 | 0 | |a lízing finančný |
| 610 | 2 | 0 | |a nájomcovia |
| 610 | 2 | 0 | |a prenájom |
| 610 | 2 | 0 | |a pohľadávky |
| 610 | 2 | 0 | |a záväzky |
| 610 | 2 | 0 | |a tržby |
| 610 | 2 | 0 | |a štandardy účtovné medzinárodné |
| 100 | 1 | |a Mihál, Pavol | |
| 700 | 1 | |a Harumová, Anna, 1955- | |